Potato Storage in panama (Record no. 18079)

MARC details
000 -LEADER
fixed length control field 00415nam a22001697a 4500
003 - CONTROL NUMBER IDENTIFIER
control field OSt
005 - DATE AND TIME OF LATEST TRANSACTION
control field 20211112164701.0
008 - FIXED-LENGTH DATA ELEMENTS--GENERAL INFORMATION
fixed length control field 211112b |||||||| |||| 00| 0 eng d
020 ## - INTERNATIONAL STANDARD BOOK NUMBER
International Standard Book Number 3-88 085-073-9
040 ## - CATALOGING SOURCE
Transcribing agency Hawassa University
050 ## - LIBRARY OF CONGRESS CALL NUMBER
Classification number 635/ROS
Item number 1
082 ## - DEWEY DECIMAL CLASSIFICATION NUMBER
Classification number 635/ROS
Item number 1
100 ## - MAIN ENTRY--PERSONAL NAME
Personal name Rosskamp Robert
9 (RLIN) 18213
245 ## - TITLE STATEMENT
Title Potato Storage in panama
260 ## - PUBLICATION, DISTRIBUTION, ETC.
Name of publisher, distributor, etc. Eschborn
Date of publication, distribution, etc. 1979
942 ## - ADDED ENTRY ELEMENTS (KOHA)
Source of classification or shelving scheme Dewey Decimal Classification
Koha item type Books like text book referance book
Suppress in OPAC No
Holdings
Withdrawn status Lost status Source of classification or shelving scheme Damaged status Not for loan Home library Current library Date acquired Total Checkouts Full call number Barcode Date last seen Copy number Price effective from Koha item type
    Dewey Decimal Classification     College of Agriculture Library College of Agriculture Library 11/12/2021   635/ROS ALIB0012266 11/12/2021 1 11/12/2021 Books like text book referance book